| 000 | 00455nam a2200181Ia 4500 | ||
|---|---|---|---|
| 001 | 23507 | ||
| 005 | 20260414150942.0 | ||
| 008 | 260414t2008||||xx |||||||||||||| ||spa|| | ||
| 041 | _aESP | ||
| 082 |
_a660 _bF76 |
||
| 100 |
_aFormoso Permuy , Antonio _eAUT |
||
| 245 | 0 |
_a2000 Procedimientos industriales al alcance de todos _b |
|
| 260 | _c2008 | ||
| 300 |
_a1248 páginas : _c25 cm. |
||
| 650 | _aTCA | ||
| 654 | _aCII | ||
| 942 |
_cLIB _dJUS _fJUS _2ddc _n |
||
| 999 |
_c23507 _d23507 |
||